0733-米沢市(山形県)の駅 - Statistics

General Stats
  • This quiz has been taken 10 times
  • The average score is 6 of 9
Answer Stats
Answer % Correct
米沢
100%
西米沢
80%
南米沢
70%
60%
関根
60%
置賜
60%
大沢
50%
板谷
40%
成島
30%
No matching quizzes found
Score Distribution
Percent of People with Each Score
Percentile by Number Answered
Your Score History
You have not taken this quiz